<?xml version="1.0" encoding="UTF-8"?>
<marc:record xmlns:marc="http://www.loc.gov/MARC21/slim">
   <marc:leader>00000nam a2200000 a 4500</marc:leader>
   <marc:datafield ind1=" " ind2=" " tag="653">
      <marc:subfield code="a">Kirche</marc:subfield>
   </marc:datafield>
   <marc:datafield ind1=" " ind2=" " tag="653">
      <marc:subfield code="a">katholische</marc:subfield>
   </marc:datafield>
   <marc:datafield ind1=" " ind2=" " tag="653">
      <marc:subfield code="a">Bibel</marc:subfield>
   </marc:datafield>
   <marc:datafield ind1=" " ind2=" " tag="653">
      <marc:subfield code="a">evangelische</marc:subfield>
   </marc:datafield>
   <marc:datafield ind1="0" ind2="0" tag="245">
      <marc:subfield code="a">Josef feiert Versöhnung</marc:subfield>
   </marc:datafield>
   <marc:datafield ind1=" " ind2="1" tag="264">
      <marc:subfield code="a">Filderstadt</marc:subfield>
      <marc:subfield code="b">Egmont Horizont Verl.</marc:subfield>
      <marc:subfield code="c">2000</marc:subfield>
   </marc:datafield>
   <marc:datafield ind1="1" ind2=" " tag="520">
      <marc:subfield code="a">Josef war der Lieblingssohn Jakobs gewesen. Doch seine eifersüchtigen Brüder konnten dies nicht ertragen und verkauften ihn an Händler. In Ägypten kann Josef die Menschen vor einer Hungersnot bewahren. Doch nicht jeder hatte so umsichtig gehandelt wie die Ägypter. Und so machen sich Josefs Brüder auf den Weg um Getreide zu kaufen. Es kommt zu einer schicksalhaften Begegnung...</marc:subfield>
   </marc:datafield>
</marc:record>
